[Event "CAN-ch op"]
[Site "Sackville"]
[Date "2001.07.11"]
[Round "6"]
[White "Brodie, Hugh"]
[Black "Brown, John"]
[Result "1/2-1/2"]
[WhiteElo "1970"]
[BlackElo "1767"]
[PlyCount "37"]
[EventDate "2001.07.??"]
[EventType "swiss"]
[EventRounds "10"]
[EventCountry "CAN"]
[SourceTitle "EXT 2006"]
[Source "ChessBase"]
[SourceDate "2005.11.24"]
[SourceVersion "1"]
[SourceVersionDate "2005.11.24"]
[SourceQuality "1"]

1. e4 d6 2. d4 Nf6 3. Nc3 g6 4. f4 Bg7 5. Nf3 c5 6. Bb5+ Bd7 7. e5 Ng8 8. dxc5 Bxb5 9. Nxb5 Qa5+ 10. Nc3 dxe5 11. fxe5 Qxc5 12. Qe2 e6 13. Be3 Qa5 14. 0-0 Ne7 15. Nb5 0-0 16. c4 Nbc6 17. Bf4 a6 18. Nc3 Nf5 19. Rfd1 1/2-1/2